Statistics for Detroit City Trivia

Click here to take the quiz!

General Stats

  • This quiz has been taken 103 times
    (66 since last reset)
  • The average score is 16 of 29

Answer Stats

HintAnswer% Correct
The "Big Three" auto
manufacturers
Ford
89%
"8 Mile" rapperEminem
89%
Most famous city nicknameThe {Motor} City
86%
Language of Detroit in the 1700sFrench
86%
Queen of SoulAretha Franklin
82%
The "Big Three" auto
manufacturers
General Motors
80%
1987 futuristic police-movieRoboCop
80%
Canadian city that faces DetroitWindsor
75%
NFL team of DetroitDetroit Lions
70%
NBA team of DetroitDetroit Pistons
66%
The "Big Three" auto
manufacturers
Chrysler
64%
Labor leader of the TeamstersJimmy Hoffa
63%
Detroit was filed for this type of legal
economic process in 2013
Bankruptcy
61%
NHL team of DetroitDetroit Red Wings
59%
"Magnum, P.I." leading starTom Selleck
54%
MLB team of DetroitDetroit Tigers
52%
"DIA" stands for Detroit Institute of ...Arts
52%
Motown ArtistStevie Wonder
46%
River that separated the above from DetroitDetroit River
46%
Brown Bomber boxerJoe Louis
45%
Motown ArtistMarvin Gaye
45%
County in which Detroit is locatedWayne
43%
Slogan coined by FDR that referred to cities
like Detroit in WWII
Arsenal of
{Democracy}
38%
Motown ArtistThe Supremes
34%
Most populous suburbWarren
29%
Motown ArtistMichael Jackson
27%
"Detroit" is the French word for this
type of waterway
Strait
21%
Video game set in 2038 DetroitBecome Human
20%
Detroit Metropolitan Airport codeDTW
18%

Score Distribution

Percentile by Number Answered

Percent of People with Each Score

Your Score History

You have not taken this quiz since the last reset